00423nam a2200157 a 4500008004100000020001500041050002000056100002300076245004300099260003500142300002200177350000900199650002000208650001400228650002300242120416s1971 ||||||||||||||||| || u a013669036X aGB 21.5.M33 Cho aChorley, Richard J10aPhysical geography: a systems approach aLondonbFT Prentice-Hallc1971 axxi, 370p. : ill. a0.00 0aSYSTEM ANALYSIS aGEOGRAPHY aPHYSICAL GEOGRAPHY